[Event "GM Opatija"]
[Site "?"]
[Date "2002.??.??"]
[Round "1"]
[White "Saric, Ibro"]
[Black "Vasilev, Milen"]
[Result "1/2-1/2"]
[WhiteElo "2384"]
[BlackElo "2442"]
[PlyCount "106"]

1. d4 Nf6 2. c4 c5 3. d5 b5 4. cxb5 a6 5. b6 g6 6. Nc3 d6 7. Nf3 Nbd7 8. e4 Bg7
9. a4 a5 10. Be2 O-O 11. O-O Nxb6 12. Bf4 Bg4 13. Nd2 Bxe2 14. Qxe2 Qd7 15. Nf3
Nh5 16. Bg5 Bxc3 17. bxc3 Nxa4 18. Ra3 f6 19. Bh6 Rfb8 20. Rfa1 Rb2 21. Nd2 Nb6
22. Rxa5 Rxa5 23. Rxa5 Kf7 24. Qd1 Qb7 25. Ra1 Ng7 26. h4 Qd7 27. Qf3 Ne8 28.
Re1 Qa4 29. h5 Ng7 30. hxg6+ hxg6 31. e5 dxe5 32. Rxe5 Nd7 33. Re1 Nf5 34. Bf4
Qa2 35. g4 Rxd2 36. gxf5 Rxd5 37. fxg6+ Kxg6 38. Rxe7 Qb1+ 39. Kg2 Qd1 40. Qg3+
Kf5 41. Rg7 Qh5 42. Be3 Rd1 43. Qf3+ Qxf3+ 44. Kxf3 Ke6 45. Ke2 Ra1 46. f4 f5
47. Kd3 Ra4 48. Rg6+ Kd5 49. c4+ Rxc4 50. Rg5 Ra4 51. Rxf5+ Ke6 52. Rg5 Ra3+
53. Kd2 Ra2+ 1/2-1/2

[Event "GM Opatija"]
[Site "?"]
[Date "2002.??.??"]
[Round "1"]
[White "Rukavina, Josip"]
[Black "Loncar, Robert"]
[Result "0-1"]
[WhiteElo "2393"]
[BlackElo "2439"]
[PlyCount "73"]

1. d4 Nf6 2. c4 e6 3. Nc3 Bb4 4. e3 O-O 5. Bd2 c5 6. dxc5 Bxc5 7. Rc1 Nc6 8.
Nf3 d5 9. cxd5 exd5 10. Nb5 Bb6 11. Be2 Ne4 12. O-O a6 13. Nc3 Be6 14. Be1 Rc8
15. Qa4 Nc5 16. Qd1 Re8 17. Kh1 Ba7 18. Nd4 Nxd4 19. exd4 Ne4 20. f3 Nd6 21.
Qd2 Qf6 22. Bf2 Nf5 23. Rcd1 Bb8 24. Bd3 Qd8 25. Bxf5 Bxf5 26. Rfe1 Rxe1+ 27.
Rxe1 b5 28. a3 h6 29. Rc1 Rc4 30. Ne2 Qe7 31. Nc3 Be6 32. Ne2 Qb7 33. Bg3 Ba7
34. h3 Qc8 35. Rxc4 Qxc4 36. Bf2 Bb6 37. Nf4 0-1

[Event "GM Opatija"]
[Site "?"]
[Date "2002.??.??"]
[Round "1"]
[White "Naumkin, Igor"]
[Black "Rogic, Davor"]
[Result "1/2-1/2"]
[WhiteElo "2443"]
[BlackElo "2496"]
[PlyCount "27"]

1. d4 d5 2. c4 c6 3. Nc3 Nf6 4. Nf3 e6 5. Bg5 h6 6. Bxf6 Qxf6 7. e3 Nd7 8. Bd3
dxc4 9. Bxc4 g6 10. O-O Bg7 11. a3 O-O 12. Rc1 Rd8 13. Qe2 Qe7 14. Ba2 1/2-1/2

[Event "GM Opatija"]
[Site "?"]
[Date "2002.??.??"]
[Round "1"]
[White "Jovanic, Ognjen"]
[Black "Saric, Ante"]
[Result "1/2-1/2"]
[WhiteElo "2432"]
[BlackElo "2380"]
[PlyCount "102"]

1. d4 Nf6 2. c4 c5 3. d5 e6 4. Nf3 exd5 5. cxd5 d6 6. e4 g6 7. Bd3 Bg7 8. h3
O-O 9. O-O b5 10. Re1 c4 11. Bf1 Nbd7 12. a4 Nc5 13. axb5 Nfxe4 14. Bxc4 Qb6
15. Re2 Bd7 16. Na3 Rae8 17. Be3 Qd8 18. Bd4 Bxd4 19. Qxd4 Ng5 20. Nxg5 Qxg5
21. h4 Qg4 22. Qxg4 Bxg4 23. f3 Rxe2 24. Bxe2 Nb3 25. Re1 Bd7 26. Bc4 Nd4 27.
Kf2 Rb8 28. Re7 Bxb5 29. Rxa7 Be8 30. g4 Rxb2+ 31. Ke3 Nc2+ 32. Nxc2 Rxc2 33.
Kd3 Rb2 34. Ra6 Bb5 35. Bxb5 Rxb5 36. Rxd6 Kf8 37. Kc4 Rb1 38. Ra6 Rf1 39. Kc5
Rxf3 40. d6 Ke8 41. Ra8+ Kd7 42. Ra7+ Kd8 43. Kc6 Rc3+ 44. Kd5 Rd3+ 45. Ke5 Rf3
46. Ra8+ Kd7 47. Rh8 h5 48. gxh5 Rf5+ 49. Ke4 Kxd6 50. hxg6 fxg6 51. Rh6 Rf6
1/2-1/2

[Event "GM Opatija"]
[Site "?"]
[Date "2002.??.??"]
[Round "1"]
[White "Topalovic, Zlatko"]
[Black "Vukic, Milan"]
[Result "1/2-1/2"]
[WhiteElo "2272"]
[BlackElo "2516"]
[PlyCount "25"]

1. d4 Nf6 2. Nf3 d6 3. Nc3 Nbd7 4. e4 e5 5. Bc4 Be7 6. O-O O-O 7. Re1 c6 8. a4
a5 9. h3 exd4 10. Nxd4 Nc5 11. b3 g6 12. Bb2 Ne8 13. Qd2 1/2-1/2

[Event "GM Opatija"]
[Site "?"]
[Date "2002.??.??"]
[Round "1"]
[White "Fercec, Nenad"]
[Black "Plachetka, Jan"]
[Result "1-0"]
[WhiteElo "2504"]
[BlackElo "2444"]
[PlyCount "81"]

1. e4 e5 2. Nf3 Nc6 3. Bb5 a6 4. Ba4 Nf6 5. O-O Be7 6. Re1 b5 7. Bb3 O-O 8. a4
Bb7 9. d3 d6 10. Nc3 Na5 11. Ba2 b4 12. Ne2 c5 13. Ng3 Bc8 14. Bg5 h6 15. Bxf6
Bxf6 16. Bd5 Ra7 17. Nd2 g6 18. Ngf1 Bg7 19. Ne3 Kh7 20. Nec4 Nxc4 21. Nxc4 f5
22. exf5 gxf5 23. Qh5 Rf6 24. Re2 Bb7 25. Bxb7 Rxb7 26. f4 Re7 27. Rae1 Rf8 28.
Qf3 Qd7 29. g3 Kh8 30. Qd5 Rd8 31. Qf3 e4 32. Qh5 d5 33. Ne3 exd3 34. cxd3 Bd4
35. Kf1 c4 36. Nxf5 Rxe2 37. Rxe2 cxd3 38. Qxh6+ Qh7 39. Qxh7+ Kxh7 40. Re7+
Kg6 41. Nxd4 1-0

[Event "GM Opatija"]
[Site "?"]
[Date "2002.??.??"]
[Round "2"]
[White "Vasilev, Milen"]
[Black "Plachetka, Jan"]
[Result "0-1"]
[WhiteElo "2442"]
[BlackElo "2444"]
[PlyCount "66"]

1. d4 Nf6 2. c4 c5 3. d5 b5 4. cxb5 a6 5. bxa6 g6 6. Nc3 Bxa6 7. Nf3 Bg7 8. g3
d6 9. Bg2 Nbd7 10. O-O Nb6 11. Nh4 O-O 12. Qc2 Ra7 13. Rd1 Qa8 14. e4 Rb8 15.
b3 Nbd7 16. Rb1 Rab7 17. Nf3 Ng4 18. h3 Nge5 19. Nxe5 Bxe5 20. f4 Bg7 21. e5 c4
22. Be3 cxb3 23. axb3 Rc7 24. Qd2 Rbc8 25. Ne4 Rc2 26. Qa5 Rxg2+ 27. Kxg2 Bf1+
28. Kxf1 Qxa5 29. exd6 exd6 30. Nxd6 Rc2 31. Nc4 Qa2 32. Nd2 Bc3 33. Ne4 Qa6+
0-1

[Event "GM Opatija"]
[Site "?"]
[Date "2002.??.??"]
[Round "2"]
[White "Saric, Ante"]
[Black "Topalovic, Zlatko"]
[Result "1/2-1/2"]
[WhiteElo "2380"]
[BlackElo "2272"]
[PlyCount "34"]

1. c4 e5 2. Nc3 Nf6 3. g3 Bb4 4. Bg2 O-O 5. Nf3 Bxc3 6. dxc3 d6 7. Nd2 Nc6 8.
Nf1 Be6 9. Ne3 Qd7 10. O-O Bh3 11. Nd5 Nxd5 12. cxd5 Bxg2 13. Kxg2 Ne7 14. c4
f5 15. a4 c5 16. Ra3 b6 17. Qc2 Rae8 1/2-1/2

[Event "GM Opatija"]
[Site "?"]
[Date "2002.??.??"]
[Round "2"]
[White "Rogic, Davor"]
[Black "Jovanic, Ognjen"]
[Result "1/2-1/2"]
[WhiteElo "2496"]
[BlackElo "2432"]
[PlyCount "67"]

1. e4 e5 2. Nf3 Nf6 3. Nxe5 d6 4. Nf3 Nxe4 5. Nc3 Nxc3 6. dxc3 Be7 7. Bf4 Bg4
8. h3 Bh5 9. Qd5 Bxf3 10. Qxf3 Nc6 11. Bb5 Qd7 12. O-O O-O 13. Rad1 Bf6 14. Bd3
Rfe8 15. Rfe1 Rab8 16. Rxe8+ Rxe8 17. Be4 Nd8 18. b3 b6 19. c4 a5 20. Be3 Qe7
21. Bd5 Be5 22. a3 Bb2 23. Qg4 g6 24. Bg5 Bf6 25. Bd2 Qf8 26. b4 axb4 27. axb4
Kg7 28. Be3 h5 29. Qf3 Ne6 30. Rd3 Bg5 31. Bc6 Re7 32. Ra3 f5 33. Bd5 Qf6 34.
Bxe6 1/2-1/2

[Event "GM Opatija"]
[Site "?"]
[Date "2002.??.??"]
[Round "2"]
[White "Loncar, Robert"]
[Black "Naumkin, Igor"]
[Result "1/2-1/2"]
[WhiteElo "2439"]
[BlackElo "2443"]
[PlyCount "32"]

1. d4 e6 2. Nf3 Nf6 3. e3 b6 4. Bd3 Bb7 5. O-O Be7 6. c4 O-O 7. Nc3 d5 8. b3
Nbd7 9. Bb2 Ne4 10. Rc1 a6 11. cxd5 exd5 12. Qc2 f5 13. Ne2 Bd6 14. Ne5 Qe7 15.
f3 Nef6 16. f4 Ne4 1/2-1/2

[Event "GM Opatija"]
[Site "?"]
[Date "2002.??.??"]
[Round "2"]
[White "Saric, Ibro"]
[Black "Rukavina, Josip"]
[Result "1-0"]
[WhiteElo "2384"]
[BlackElo "2393"]
[PlyCount "93"]

1. e4 d6 2. d4 Nf6 3. Nc3 g6 4. Be3 c6 5. f3 Qb6 6. Rb1 Bg7 7. Qd2 Qc7 8. g4 e5
9. Nge2 h5 10. g5 Nh7 11. Bg2 O-O 12. O-O Nd7 13. f4 exf4 14. Bxf4 Nb6 15. Qd3
Be6 16. Qg3 Rad8 17. Kh1 Qd7 18. b3 Rfe8 19. a4 Nc8 20. h3 Ne7 21. Rbd1 d5 22.
Be5 dxe4 23. Bxg7 Kxg7 24. Nxe4 Nf5 25. Qf4 Nd6 26. Nc5 Qe7 27. Nxe6+ Qxe6 28.
d5 Qxe2 29. dxc6 Qe7 30. Qd4+ Kg8 31. cxb7 Nf5 32. Qf4 Nxg5 33. Rfe1 Ne6 34.
Qe5 Rb8 35. Qb5 Qc7 36. Rd7 Qg3 37. Qe5 Qg5 38. Kh2 Nf4 39. Qxe8+ Rxe8 40.
Rxe8+ Kg7 41. Rd2 Qg3+ 42. Kh1 Ne3 43. b8=Q Qe1+ 44. Kh2 Nf1+ 45. Bxf1 Qxd2+
46. Kg3 h4+ 47. Kf3 1-0

[Event "GM Opatija"]
[Site "?"]
[Date "2002.??.??"]
[Round "3"]
[White "Rukavina, Josip"]
[Black "Vasilev, Milen"]
[Result "0-1"]
[WhiteElo "2393"]
[BlackElo "2442"]
[PlyCount "100"]

1. d4 Nf6 2. Nf3 e6 3. g3 c5 4. Bg2 Nc6 5. c4 cxd4 6. Nxd4 Qb6 7. Nb3 Bb4+ 8.
N1d2 a5 9. a3 Be7 10. Nf3 a4 11. Nbd4 Bc5 12. e3 O-O 13. O-O Re8 14. b4 axb3
15. Nxb3 Na5 16. Nfd2 d6 17. Nxa5 Qxa5 18. Rb1 Qc7 19. Nb3 Nd7 20. Bb2 Ra4 21.
Qc2 Bxa3 22. Nd2 Ra6 23. Ba1 b6 24. Nf3 e5 25. Ng5 Nf8 26. Bd5 Re7 27. Ne4 Be6
28. Nc3 Bc5 29. Bb2 Qc8 30. Qb3 h5 31. Ra1 Rea7 32. Nb5 Rxa1 33. Bxa1 Ra6 34.
Nc3 Ra3 35. Qb1 Bf5 36. Qc1 Ne6 37. Bb2 Ra5 38. Qd1 Bg4 39. Qd3 Ng5 40. f4 exf4
41. gxf4 Ne6 42. f5 Ng5 43. f6 Qe8 44. Bc1 Ra1 45. Kh1 Qe5 46. fxg7 Kxg7 47.
Bb2 Rxf1+ 48. Qxf1 Bxe3 49. h4 Ne6 50. Nd1 Bd4 0-1

[Event "GM Opatija"]
[Site "?"]
[Date "2002.??.??"]
[Round "3"]
[White "Naumkin, Igor"]
[Black "Saric, Ibro"]
[Result "1/2-1/2"]
[WhiteElo "2443"]
[BlackElo "2384"]
[PlyCount "128"]

1. d4 g6 2. c4 Bg7 3. Nc3 c5 4. d5 Bxc3+ 5. bxc3 f5 6. h4 Nf6 7. h5 Rg8 8. hxg6
hxg6 9. g4 fxg4 10. d6 g5 11. Rh6 Nc6 12. f4 Qa5 13. Qd3 Ne4 14. Bg2 Nxd6 15.
Bd2 gxf4 16. Bxf4 Nf7 17. Rh7 Nce5 18. Qe3 Nxc4 19. Qg3 e6 20. Nh3 d5 21. Bc7
Qa3 22. Nf4 d4 23. Nh5 Qb2 24. Rd1 Qxc3+ 25. Qxc3 dxc3 26. Nf6+ Kf8 27. Nxg8
Kxg8 28. Rh5 Ne3 29. Rc1 Nxg2+ 30. Kf2 Bd7 31. Kxg2 Rc8 32. Be5 Nxe5 33. Rxe5
b5 34. Rxc3 c4 35. Kg3 Kf7 36. Kxg4 b4 37. Rc1 c3 38. Ra5 Rc7 39. Kf4 Kf6 40.
Ke3 Be8 41. Kd4 Rd7+ 42. Kc4 Rb7 43. a3 bxa3 44. Kxc3 Bb5 45. Kd2 Rd7+ 46. Ke3
Rd5 47. Rf1+ Kg6 48. Re1 a6 49. Rxa3 Kf6 50. Ra2 Bc4 51. Ra4 Bb5 52. Rd4 Rh5
53. Rf4+ Ke7 54. Re4 Kd6 55. Rd1+ Ke7 56. Rg1 Rh2 57. Kd2 Kf6 58. Re3 Rh6 59.
Rgg3 Ke7 60. Rg7+ Kd6 61. Rb7 Rg6 62. Rb6+ Ke7 63. Re4 Rh6 64. Rb7+ Kd6 1/2-1/2

[Event "GM Opatija"]
[Site "?"]
[Date "2002.??.??"]
[Round "3"]
[White "Jovanic, Ognjen"]
[Black "Loncar, Robert"]
[Result "1/2-1/2"]
[WhiteElo "2432"]
[BlackElo "2439"]
[PlyCount "43"]

1. d4 d5 2. c4 c6 3. Nf3 Nf6 4. Nc3 a6 5. a4 e6 6. Qb3 Qa5 7. Bd2 Bb4 8. e3
Nbd7 9. Rc1 O-O 10. Bd3 Re8 11. O-O h6 12. h3 e5 13. dxe5 Nxe5 14. Nxe5 Rxe5
15. cxd5 cxd5 16. Rfd1 Bd7 17. Be1 Bc6 18. Be2 Nd7 19. Rd4 Bxc3 20. Qxc3 Qxc3
21. Bxc3 Re4 22. Bf3 1/2-1/2

[Event "GM Opatija"]
[Site "?"]
[Date "2002.??.??"]
[Round "3"]
[White "Fercec, Nenad"]
[Black "Saric, Ante"]
[Result "0-1"]
[WhiteElo "2504"]
[BlackElo "2380"]
[PlyCount "95"]

1. e4 c5 2. Nf3 g6 3. d4 cxd4 4. Qxd4 Nf6 5. Nc3 Nc6 6. Qa4 Ng4 7. h3 Nge5 8.
Nxe5 Nxe5 9. Be3 Bg7 10. Nd5 e6 11. Nb6 Rb8 12. Qxa7 Nc6 13. Qa3 Nd4 14. Bxd4
Bxd4 15. Nc4 Qe7 16. Nd6+ Kf8 17. Bb5 b6 18. O-O-O e5 19. Rd2 Bb7 20. Rhd1 Ra8
21. Qg3 Rxa2 22. Rxd4 exd4 23. Rxd4 Ra1+ 24. Kd2 Bc6 25. Bc4 f6 26. f4 Ra4 27.
b3 Ra5 28. b4 Ra4 29. b5 Rxc4 30. Nxc4 Qc5 31. Qe3 Bxb5 32. Nd6 Bc6 33. e5 fxe5
34. fxe5 Kg7 35. Nf5+ Kf7 36. Qg5 Qxe5 37. Rf4 Qa5+ 38. Kd1 Qa1+ 39. Kd2 gxf5
40. Qxf5+ Ke8 41. g3 Qb2 42. Kd1 Qc3 43. Qg5 Qa1+ 44. Ke2 Qa2 45. Kd1 Rg8 46.
Qe5+ Qe6 47. Qb8+ Ke7 48. Qxb6 0-1

[Event "GM Opatija"]
[Site "?"]
[Date "2002.??.??"]
[Round "3"]
[White "Plachetka, Jan"]
[Black "Vukic, Milan"]
[Result "1/2-1/2"]
[WhiteElo "2444"]
[BlackElo "2516"]
[PlyCount "25"]

1. d4 Nf6 2. Nf3 g6 3. c4 Bg7 4. Nc3 d6 5. e4 O-O 6. Be2 e5 7. O-O Nc6 8. Be3
Ng4 9. Bg5 f6 10. Bh4 Nh6 11. dxe5 dxe5 12. Qxd8 Nxd8 13. Rfd1 1/2-1/2

[Event "GM Opatija"]
[Site "?"]
[Date "2002.??.??"]
[Round "4"]
[White "Vasilev, Milen"]
[Black "Vukic, Milan"]
[Result "1/2-1/2"]
[WhiteElo "2442"]
[BlackElo "2516"]
[PlyCount "34"]

1. d4 Nf6 2. c4 d6 3. Nf3 Nbd7 4. Nc3 c6 5. g3 e5 6. Bg2 Be7 7. O-O O-O 8. h3
e4 9. Ne1 Nb6 10. b3 d5 11. c5 Nbd7 12. f3 exf3 13. exf3 b6 14. cxb6 axb6 15.
Nd3 Bd6 16. f4 Ba6 17. Re1 Bxd3 1/2-1/2

[Event "GM Opatija"]
[Site "?"]
[Date "2002.??.??"]
[Round "4"]
[White "Saric, Ante"]
[Black "Plachetka, Jan"]
[Result "1-0"]
[WhiteElo "2380"]
[BlackElo "2444"]
[PlyCount "107"]

1. c4 g6 2. g3 Bg7 3. Bg2 c5 4. Nc3 Nc6 5. a3 e6 6. Rb1 a5 7. Nh3 Nge7 8. Nf4
d6 9. d3 h5 10. h4 Nf5 11. Bd2 Bd7 12. Ne4 a4 13. Nc3 Ncd4 14. Bxb7 Rb8 15. Be4
Nb3 16. e3 Nxd2 17. Qxd2 Qa5 18. Nb5 Qxd2+ 19. Kxd2 Ke7 20. b3 axb3 21. Rxb3 d5
22. Bxf5 gxf5 23. Rhb1 dxc4 24. dxc4 Ra8 25. Rd3 Bc6 26. Nc3 Bf3 27. Rb3 Ra7
28. Kc1 Rha8 29. Kb1 Be4 30. Nxe4 fxe4 31. Rd2 Rxa3 32. Rxa3 Rxa3 33. Nxh5 Bc3
34. Re2 Be5 35. Ra2 Rb3+ 36. Kc1 Rc3+ 37. Rc2 Ra3 38. Kd2 Ra1 39. Ke2 Rh1 40.
Nf4 Bxf4 41. exf4 Kf6 42. Ke3 Re1+ 43. Re2 Rc1 44. Kxe4 Rxc4+ 45. Kd3 Rd4+ 46.
Ke3 e5 47. fxe5+ Kxe5 48. Rc2 Rd5 49. Rd2 Rxd2 50. Kxd2 Ke4 51. h5 Kf5 52. g4+
Kg5 53. f3 f5 54. Kd3 1-0

[Event "GM Opatija"]
[Site "?"]
[Date "2002.??.??"]
[Round "4"]
[White "Rogic, Davor"]
[Black "Fercec, Nenad"]
[Result "0-1"]
[WhiteElo "2496"]
[BlackElo "2504"]
[PlyCount "88"]

1. e4 c5 2. Nf3 d6 3. d4 cxd4 4. Nxd4 Nf6 5. Nc3 a6 6. Be2 e5 7. Nb3 Be7 8. O-O
O-O 9. Be3 Be6 10. Qd2 Nbd7 11. a4 Rc8 12. a5 Qc7 13. Rfc1 Rfd8 14. Nd5 Nxd5
15. exd5 Bf5 16. c4 Bg6 17. f4 exf4 18. Bxf4 Nf6 19. Qb4 Re8 20. Re1 Ne4 21.
Nd2 Bh4 22. g3 Bg5 23. Bxg5 Nxg5 24. Bf1 Qd7 25. Qb6 h5 26. Qf2 Bf5 27. Rxe8+
Rxe8 28. Re1 Nh3+ 29. Bxh3 Bxh3 30. Ne4 Re5 31. Nc3 Qe7 32. Re2 Qg5 33. Rxe5
Qxe5 34. Qd2 Qf5 35. Qe2 Kf8 36. b4 Qg5 37. Ne4 Qe5 38. Kf2 Qd4+ 39. Qe3 Qxc4
40. Qb6 Qxe4 41. Qxd6+ Kg8 42. Qb8+ Kh7 43. Qxb7 Qd3 44. b5 Qd2+ 0-1

[Event "GM Opatija"]
[Site "?"]
[Date "2002.??.??"]
[Round "4"]
[White "Loncar, Robert"]
[Black "Topalovic, Zlatko"]
[Result "1/2-1/2"]
[WhiteElo "2439"]
[BlackElo "2272"]
[PlyCount "26"]

1. e4 c5 2. Nf3 Nf6 3. Nc3 d5 4. exd5 Nxd5 5. Bc4 e6 6. O-O Be7 7. d4 Nxc3 8.
bxc3 O-O 9. Be3 Nd7 10. Bd3 Qc7 11. Re1 b6 12. Bg5 Bf6 13. Bxf6 Nxf6 1/2-1/2

[Event "GM Opatija"]
[Site "?"]
[Date "2002.??.??"]
[Round "4"]
[White "Saric, Ibro"]
[Black "Jovanic, Ognjen"]
[Result "1-0"]
[WhiteElo "2384"]
[BlackElo "2432"]
[PlyCount "111"]

1. e4 e5 2. Nf3 Nf6 3. Nc3 Nc6 4. Bb5 Bb4 5. O-O O-O 6. d3 d6 7. Bg5 Bxc3 8.
bxc3 Qe7 9. Re1 Nd8 10. d4 Ne6 11. Bc1 Rd8 12. Bf1 Nf8 13. g3 Ng6 14. Bg2 b6
15. Nd2 Bb7 16. f4 exf4 17. e5 Nd5 18. exd6 Qxd6 19. Ne4 Qd7 20. c4 Nde7 21.
Bb2 Rab8 22. d5 c5 23. Qd3 Nf5 24. Bh3 Bc8 25. Bxg7 Kxg7 26. Qc3+ Kh6 27. g4
Nd4 28. g5+ Kh5 29. Bxd7 Bxd7 30. Kh1 Bf5 31. Qd3 Ne5 32. Qd1+ Kg6 33. Nf6 Kxg5
34. Nxh7+ Bxh7 35. Rxe5+ Kf6 36. Qh5 Bf5 37. Rxf5+ Nxf5 38. Qf3 Rh8 39. Qxf4
Rbe8 40. Rg1 Rh5 41. d6 Re2 42. Rg2 Re1+ 43. Rg1 Re2 44. Rd1 Rhxh2+ 45. Qxh2
Rxh2+ 46. Kxh2 Nd4 47. d7 Ke7 48. c3 Nc6 49. Kg3 Kd8 50. Kf4 Nb8 51. Ke5 Nxd7+
52. Kd6 Kc8 53. Re1 Nf6 54. Re7 Ng4 55. Rxf7 Ne3 56. Kc6 1-0

[Event "GM Opatija"]
[Site "?"]
[Date "2002.??.??"]
[Round "4"]
[White "Rukavina, Josip"]
[Black "Naumkin, Igor"]
[Result "1/2-1/2"]
[WhiteElo "2393"]
[BlackElo "2443"]
[PlyCount "23"]

1. Nf3 Nf6 2. c4 e6 3. g3 d5 4. b3 Be7 5. Bg2 O-O 6. O-O c5 7. e3 Nc6 8. Qe2 b6
9. Rd1 Bb7 10. Bb2 dxc4 11. bxc4 Qc7 12. Nc3 1/2-1/2

[Event "GM Opatija"]
[Site "?"]
[Date "2002.??.??"]
[Round "5"]
[White "Jovanic, Ognjen"]
[Black "Rukavina, Josip"]
[Result "1-0"]
[WhiteElo "2432"]
[BlackElo "2393"]
[PlyCount "177"]

1. d4 d5 2. c4 c6 3. Nf3 Nf6 4. e3 a6 5. Qb3 e6 6. Be2 Bd6 7. O-O O-O 8. Rd1
Nbd7 9. Nc3 b5 10. c5 Bc7 11. a4 Rb8 12. axb5 axb5 13. Na2 Ra8 14. Bd2 Bb7 15.
Nb4 Ne4 16. Qc2 Nxd2 17. Nxd2 Ba5 18. Nd3 Bxd2 19. Qxd2 Qc7 20. f4 Rxa1 21.
Rxa1 Ra8 22. Qe1 Qb8 23. Ra5 Qd8 24. Ra3 Qc8 25. Bf3 Qb8 26. Qa1 Rxa3 27. bxa3
Qa8 28. Qc3 Qa4 29. Nb2 Qa8 30. Qb4 h6 31. Be2 Nf6 32. a4 bxa4 33. Qxa4 Qxa4
34. Nxa4 Kf8 35. Nc3 Ke7 36. Kf2 Ne8 37. Na2 f5 38. Nb4 Nf6 39. Bf3 Kd7 40. h3
Kc7 41. Kg3 Bc8 42. Kh4 Bd7 43. g4 fxg4 44. hxg4 Kd8 45. Nd3 Be8 46. Ne5 Ng8
47. Be2 Ne7 48. Bd3 g6 49. Kg3 Kc7 50. Kf2 Kb7 51. Ke1 Kc7 52. Kd2 Kb7 53. Kc3
Kc7 54. Kb4 Kb7 55. Ka5 Kc7 56. Bf1 Ng8 57. g5 hxg5 58. fxg5 Ne7 59. Bh3 Bd7
60. Kb4 Bc8 61. Kc3 Kd8 62. Kd2 Bd7 63. Kd3 Kc7 64. Kc3 Kd8 65. Kd2 Kc7 66. Nd3
e5 67. Bxd7 Kxd7 68. Nxe5+ Ke6 69. Kd3 Kf5 70. Nf7 Ke6 71. Nh6 Nf5 72. Ke2 Ng3+
73. Kf3 Ne4 74. Kf4 Nf2 75. Ng8 Nd3+ 76. Kg4 Nf2+ 77. Kg3 Nd3 78. Kf3 Kf5 79.
Ne7+ Kxg5 80. Nxc6 Kf6 81. Na7 Ke6 82. Nb5 Nb4 83. Nc3 Nc6 84. Kg4 Ne7 85. Kg5
Nf5 86. Nd1 Ne7 87. Nf2 Nf5 88. Ng4 Ne7 89. Nh6 1-0

[Event "GM Opatija"]
[Site "?"]
[Date "2002.??.??"]
[Round "5"]
[White "Topalovic, Zlatko"]
[Black "Saric, Ibro"]
[Result "1/2-1/2"]
[WhiteElo "2272"]
[BlackElo "2384"]
[PlyCount "67"]

1. e4 e5 2. Nf3 Nc6 3. Bb5 a6 4. Bxc6 dxc6 5. O-O f6 6. d4 exd4 7. Nxd4 c5 8.
Nb3 Qxd1 9. Rxd1 Bg4 10. f3 Be6 11. Nc3 c4 12. Nd4 Bc5 13. Be3 Bxd4 14. Rxd4
Ne7 15. Bf4 Nc6 16. Rd2 Ne5 17. Bxe5 fxe5 18. Rad1 O-O 19. Kf2 g5 20. h3 h5 21.
Kg3 Kg7 22. Na4 b6 23. Nc3 Kg6 24. a3 a5 25. Nd5 Rf7 26. Ne3 Rff8 27. Nd5 Rf7
28. Nc3 h4+ 29. Kh2 Rff8 30. Kg1 Rfc8 31. Nd5 Kf7 32. Nc3 c6 33. Kf2 b5 34. Ke3
1/2-1/2

[Event "GM Opatija"]
[Site "?"]
[Date "2002.??.??"]
[Round "5"]
[White "Fercec, Nenad"]
[Black "Loncar, Robert"]
[Result "1/2-1/2"]
[WhiteElo "2504"]
[BlackElo "2439"]
[PlyCount "67"]

1. e4 e5 2. Nf3 Nc6 3. Bb5 a6 4. Ba4 Nf6 5. O-O Be7 6. Re1 b5 7. Bb3 d6 8. c3
O-O 9. h3 Nb8 10. d4 Nbd7 11. Nbd2 Bb7 12. Bc2 Re8 13. Nf1 Bf8 14. Ng3 g6 15.
Bg5 h6 16. Bd2 Bg7 17. a4 c5 18. d5 c4 19. Be3 Nc5 20. Qd2 Kh7 21. Ra3 Nfd7 22.
Rf1 Qc7 23. Ne2 Nb6 24. axb5 axb5 25. Rfa1 h5 26. Nh2 Rxa3 27. Rxa3 Nbd7 28.
Nf3 Ra8 29. Bg5 Kg8 30. Rxa8+ Bxa8 31. Qd1 Nf6 32. Qa1 Bb7 33. Qa7 Ncd7 34. Qa1
1/2-1/2

[Event "GM Opatija"]
[Site "?"]
[Date "2002.??.??"]
[Round "5"]
[White "Vukic, Milan"]
[Black "Saric, Ante"]
[Result "1/2-1/2"]
[WhiteElo "2516"]
[BlackElo "2380"]
[PlyCount "98"]

1. Nf3 c5 2. c4 g6 3. e4 Nc6 4. d4 cxd4 5. Nxd4 Nf6 6. Nc3 d6 7. Be2 Nxd4 8.
Qxd4 Bg7 9. Bg5 O-O 10. Qd2 Be6 11. Rc1 Qa5 12. f3 Rfc8 13. b3 a6 14. Na4 Qxd2+
15. Kxd2 Nd7 16. h4 f6 17. Be3 f5 18. exf5 gxf5 19. f4 Rc7 20. Bf3 Rb8 21. Nb6
Nf6 22. Kd3 Kf7 23. Rhe1 Bd7 24. Nxd7 Rxd7 25. Bd5+ Nxd5 26. cxd5 Rdd8 27. Rc7
Rdc8 28. Rec1 Rxc7 29. Rxc7 Bf6 30. g3 h5 31. Ba7 Rg8 32. Bf2 Rb8 33. Ke2 b5
34. b4 Ra8 35. Be1 Ke8 36. Kd3 Kd8 37. Rc6 Kd7 38. Rb6 Kc7 39. Bf2 a5 40. Rxb5
axb4 41. Bb6+ Kb7 42. Bd8+ Kc8 43. Ba5 Bc3 44. Kc2 Bd4 45. Kd3 Bc5 46. Ke2 Bd4
47. Kf3 Bc5 48. Kg2 Ra6 49. Kh3 Ra8 1/2-1/2

[Event "GM Opatija"]
[Site "?"]
[Date "2002.??.??"]
[Round "6"]
[White "Vasilev, Milen"]
[Black "Saric, Ante"]
[Result "1-0"]
[WhiteElo "2442"]
[BlackElo "2380"]
[PlyCount "55"]

1. d4 g6 2. c4 Nf6 3. Nc3 Bg7 4. Nf3 O-O 5. g3 d6 6. Bg2 Nbd7 7. O-O e5 8. e4
c6 9. h3 Qe7 10. Be3 Ne8 11. Qc2 f5 12. exf5 gxf5 13. Rae1 Qf7 14. d5 h6 15.
Nh4 c5 16. f4 e4 17. Nxe4 fxe4 18. Bxe4 Ndf6 19. Bg6 Qc7 20. g4 Bh8 21. Rf3 Qg7
22. Bf2 Nc7 23. Rfe3 Nfxd5 24. cxd5 Nxd5 25. Qb3 c4 26. Qxc4 Qd4 27. Qb3 Bf6
28. R3e2 1-0

[Event "GM Opatija"]
[Site "?"]
[Date "2002.??.??"]
[Round "6"]
[White "Rogic, Davor"]
[Black "Vukic, Milan"]
[Result "1/2-1/2"]
[WhiteElo "2496"]
[BlackElo "2516"]
[PlyCount "25"]

1. e4 c5 2. Nf3 e6 3. d4 cxd4 4. Nxd4 Nf6 5. Nc3 Nc6 6. Ndb5 d6 7. Bf4 e5 8.
Bg5 a6 9. Na3 b5 10. Bxf6 gxf6 11. Nd5 f5 12. c3 Bg7 13. exf5 1/2-1/2

[Event "GM Opatija"]
[Site "?"]
[Date "2002.??.??"]
[Round "6"]
[White "Loncar, Robert"]
[Black "Plachetka, Jan"]
[Result "1/2-1/2"]
[WhiteElo "2439"]
[BlackElo "2444"]
[PlyCount "94"]

1. d4 Nf6 2. c4 c5 3. d5 b5 4. Nd2 bxc4 5. e4 e6 6. dxe6 dxe6 7. Bxc4 Be7 8.
Ngf3 Nc6 9. O-O Qc7 10. Re1 O-O 11. e5 Ng4 12. Qe2 Bb7 13. Bd3 Nb4 14. Bb1 c4
15. Nxc4 Bc5 16. Rf1 f5 17. h3 Nh6 18. b3 Rad8 19. Be3 Nf7 20. Bxc5 Qxc5 21.
Qe3 Qxe3 22. fxe3 Ba6 23. Nd4 Rfe8 24. a3 Nd5 25. Nc6 Rc8 26. N6a5 Nxe5 27. e4
Nxc4 28. bxc4 Ne3 29. Rf3 Nxc4 30. Nxc4 fxe4 31. Bxe4 Bxc4 32. Rb1 Rb8 33. Rc1
Rec8 34. Rfc3 Ba6 35. Rc7 g6 36. R1c3 Rxc7 37. Rxc7 Rb2 38. Rxa7 Bc4 39. a4 Bd5
40. Bxd5 exd5 41. a5 Ra2 42. a6 h5 43. Kf1 d4 44. Ke1 d3 45. Kd1 Kf8 46. h4 Ke8
47. g3 Kf8 1/2-1/2

[Event "GM Opatija"]
[Site "?"]
[Date "2002.??.??"]
[Round "7"]
[White "Jovanic, Ognjen"]
[Black "Vasilev, Milen"]
[Result "1/2-1/2"]
[WhiteElo "2432"]
[BlackElo "2442"]
[PlyCount "109"]

1. d4 Nf6 2. Nf3 e6 3. e3 c5 4. Bd3 d5 5. O-O Bd6 6. b3 O-O 7. Bb2 Nc6 8. Nbd2
Re8 9. Ne5 Qc7 10. Ndf3 h6 11. c4 Bxe5 12. Nxe5 Nxe5 13. dxe5 Nd7 14. cxd5 exd5
15. f4 Nf8 16. Qf3 b6 17. Qxd5 Bb7 18. Qc4 Rad8 19. Rad1 Qc6 20. Qc2 a6 21. Rf2
Ne6 22. Rfd2 b5 23. Bf1 Rxd2 24. Rxd2 Rd8 25. Rxd8+ Nxd8 26. Ba3 b4 27. Bb2 Ne6
28. h4 g6 29. h5 gxh5 30. Bc4 h4 31. f5 Ng5 32. e6 h3 33. e7 hxg2 34. Bd5 Nh3+
35. Kxg2 Qxd5+ 36. e4 Qxe4+ 37. Qxe4 Bxe4+ 38. Kg3 Bc6 39. Kxh3 f6 40. Bxf6 Kf7
41. Bh4 Bd5 42. f6 a5 43. Bf2 c4 44. bxc4 Bxc4 45. Bb6 a4 46. Ba5 b3 47. axb3
axb3 48. Bc3 Bd3 49. Kg4 Bg6 50. Kf4 Ke6 51. Bb2 Kd5 52. Ke3 Kc4 53. Kd2 Kd5
54. Ke3 Ke6 55. Kf4 1/2-1/2

[Event "GM Opatija"]
[Site "?"]
[Date "2002.??.??"]
[Round "7"]
[White "Topalovic, Zlatko"]
[Black "Naumkin, Igor"]
[Result "1-0"]
[WhiteElo "2272"]
[BlackElo "2443"]
[PlyCount "67"]

1. e4 e6 2. d4 d5 3. e5 c5 4. c3 Nc6 5. Nf3 Qb6 6. Be2 cxd4 7. cxd4 Nge7 8. Na3
Nf5 9. Nc2 Bd7 10. O-O Be7 11. g4 Nh4 12. Nxh4 Bxh4 13. Qd3 O-O 14. g5 f6 15.
gxf6 gxf6 16. Qh3 Bg5 17. Bd3 Rf7 18. f4 fxe5 19. fxg5 Rxf1+ 20. Qxf1 e4 21. g6
hxg6 22. Qf6 Be8 23. Bh6 Qc7 24. Be2 Qf7 25. Qh4 Ne7 26. Ne3 Nf5 27. Nxf5 exf5
28. Rc1 Bc6 29. Bf4 Re8 30. Rc3 Qh7 31. Qg5 a6 32. Be5 Re6 33. Kg2 Kf7 34. Rh3
1-0